000 00918cab a2200217 4500
001 ABS36949
008 090401t1986 xxu||||| |||| 00| 0 eng d
035 _a(Sirsi) u1201
041 0 _aeng
100 1 _aParkinson, G.
245 0 0 _aAlbert Dock, Liverpool
_bstructural survey, appraisal and rehabilitation
260 _c1986
350 _a0
490 0 _aStructural Engineer
_v64A (10) October 1986, 283-290 (8)
520 _aDiscusses the structural survey carried out on Albert Dock in Liverpool in order to establish the viability of refurbishment. Describes the phasing of the very extensive survey and gives details of surveying such structural elements as floors, columns, walls, substructures and timber piled and masonry foundations.
651 4 _aUnited Kingdom
_y
690 _aBUILT ENVIRONMENT-BUILDING SURVEYING-STRUCTURAL SURVEYING
700 1 _aCurtin, W. G.
942 _n0
948 _c04/03/1997
999 _c654
_d654